| 000 | 01207nam a22003257a 4500 | ||
|---|---|---|---|
| 001 | BR8000446 | ||
| 003 | BR-BrBNA | ||
| 005 | 20230928090527.0 | ||
| 007 | ta | ||
| 008 | 230509b bl.||||| |||| 00| 0 por d | ||
| 040 |
_aBR-BrBNA _bpor _cBiblioteca Nacional de Agricultura |
||
| 041 | _a(Por) | ||
| 072 |
_aC00; E15 _b/G514 |
||
| 090 | _ C00 BR8000446 | ||
| 100 | 1 | _aSouza, J.B. de | |
| 100 | 1 | _aMichue, C.A.C. | |
| 100 | 1 | _aLeite, A.T.C. | |
| 110 | 1 | _aEmpresa de Assistencia Tecnica e Extensao Rural do Estado de Goias, Goiania (Brasil) | |
| 245 | 1 | _aA estratificacao de propriedades rurais como subsidio a estrategia de acao da ATER ao setor agricola de Goias [Empresa de Assistencia Tecnica e Extensao Rural; Brasil] | |
| 246 | 1 | _a[The stratification of rural households as a subsidy for the action from ATER to the agricultural sector in the state of Goias [Technical Assistance and Rural Extension Company; Brazil]] | |
| 260 | 3 |
_aGoiania, GO (Brasil): _c1979. |
|
| 300 | _a22 p. | ||
| 650 | _aExtensao rural | ||
| 650 | _aMicroeconomia | ||
| 650 | _aPropriedade rural | ||
| 650 | _aAssistencia tecnica | ||
| 650 | _aGoias | ||
| 909 |
_a202309 _bLucia _c55 _dLucia Elande |
||
| 942 | _cBK | ||
| 999 |
_c29213 _d29213 |
||